=LDR 00000nam 2200000 4500 =001 NUTBA000000000005135 =005 20141022103137.0 =006 =007 =008 =020 ##$$a 978-979-29-2227-1 =035 ##$$0010-101400000000365 =040 ##$$a NBPDMAT =090 ##$$a 641.5 $b Ara t =100 ##$$a Ara Rossi =245 ##$$a 70 Kreasi masakam jamaur pilihan/ $c Ara Rossi; editor, Nina Kenyar =260 ##$$a Yogyakarta : $b G. Media, $c 2011 =300 ##$$a 157 hlm. : $b ilus. ; $c 19 cm. =500 ##$$a Bibilografi : hlm. 157 =650 ##$$a Masakan Jamur =700 ##$$a Nina Kenyar =850 ##$$a NBPDMAT =990 ##$$a 0001/BPAP-NTB/20142014